| 000 | 00476nam a2200169Ia 4500 | ||
|---|---|---|---|
| 999 |
_c11766 _d11766 |
||
| 003 | OSt | ||
| 005 | 20201117143714.0 | ||
| 008 | 190216s9999||||xx |||||||||||||| ||und|| | ||
| 040 | _coclc | ||
| 082 |
_a823.01 _bHEM/G |
||
| 100 |
_aHemming, James _94674 |
||
| 245 | 4 |
_aThe Greens Get There / _cJames Hemming |
|
| 260 |
_bLongmans, _c1962. _aLondon: |
||
| 300 | _a48p | ||
| 650 | _aEnglish Short Stories | ||
| 942 |
_cBK _2ddc _h823.01 _iHEM/G _k823.01 _mHEM/G |
||